Quizzes
Events
Quiz Creation
Community
Videos
Private Events
Remove Ads
Sign In
Join for FREE
Feedback
Dark Mode
Quiz Categories
Sports
Geography
Music
Movies
Television
Just For Fun
Miscellaneous
History
Literature
Language
Science
Gaming
Entertainment
Religion
Holiday
For Kids
Quiz Lab
Recent
Popular Today
Quiz Kudos Today
Editor Picks
Curator Picks
Quizzes by...
Day
Popularity
Type
Ratings
Length
Year
Community
Subscriptions
Recent Discussions
Orange Saloon
Badges
Playlists
Quests
Create
Leaderboards
Showdown
Live 5
Trivia Bingo
Activity
Puzzle Library
Sporcle Events
Private Events
Virtual Trivia
Globe League
Become a Host
Pub Owners
SporcleCon
Opinionation
Our Games
Videos
Blog
Mobile Apps
Partnerships
Remove Ads and Go Orange
Feedback
Sports
Athletes
MLB
NBA
NHL
NFL
Soccer
Sports Teams
WWE
NCAA
Football
Premier League
Basketball
Baseball
Hockey
Golf
Tennis
Cricket
Rugby
Auto Racing
Olympics
World Cup
Sports
Athletes
MLB
NBA
NHL
NFL
Soccer
Sports Teams
WWE
NCAA
Football
Premier League
Basketball
Baseball
Hockey
Golf
Tennis
Cricket
Rugby
Auto Racing
Olympics
World Cup
Random Quiz
Search Sporcle
×
Quiz Lab
Quiz Lab
Sports
Show
Type in answers that appear in a list
Type in answers that appear in a list
Classic
Best Score? Go Orange.
ROH Results 2/23/02 - 11/9/02 Stats
Can you name the Ring of Honor Show Results 2002?
By
randyorko3589
15m
291 Questions
26 Plays
26 Plays
26 Plays
Comments
Comments
Give Quiz Kudos
Give Quiz Kudos
-
- Ratings
hide this ad
Replay
Link that replays current quiz
Next Quiz
Link to next quiz in quiz playlist
You Got
0%
They Got
Avg Score
51%
Avg Friend Score
Upgrade to see
Score Distribution
Jump to the score distribution portion of the page
Score
0/291
Timer
15:00
0
Plays Today
Event
Wrestler
% Correct
The Era of Honor Begins
Christopher Daniels
96.2%
The Round Robin Challenge
Christopher Daniels
96.2%
The Round Robin Challenge
Christopher Daniels
96.2%
Night of Appreciation
Christopher Daniels
96.2%
Road to the Title
Christopher Daniels
96.2%
Road to the Title
Christopher Daniels
96.2%
Crowning A Champion
Christopher Daniels
96.2%
Unscripted
Christopher Daniels
96.2%
Unscripted
Christopher Daniels
96.2%
Unscripted
Christopher Daniels
96.2%
Glory By Honor
Samoa Joe
96.2%
Glory By Honor
Christopher Daniels
96.2%
All Star Extravaganza
Christopher Daniels
96.2%
All Star Extravaganza
Samoa Joe
96.2%
The Era of Honor Begins
Low Ki
88.5%
The Era of Honor Begins
Bryan Danielson
88.5%
The Round Robin Challenge
Bryan Danielson
88.5%
The Round Robin Challenge
Low Ki
88.5%
The Round Robin Challenge
Bryan Danielson
88.5%
The Round Robin Challenge
Low Ki
88.5%
Night of Appreciation
Low Ki
88.5%
Night of Appreciation
AJ Styles
88.5%
Night of Appreciation
Bryan Danielson
88.5%
Road to the Title
Bryan Danielson
88.5%
Road to the Title
Low Ki
88.5%
Road to the Title
AJ Styles
88.5%
Road to the Title
Bryan Danielson
88.5%
Road to the Title
Low Ki
88.5%
Road to the Title
AJ Styles
88.5%
Crowning A Champion
AJ Styles
88.5%
Crowning A Champion
Low Ki
88.5%
Honor Invades Boston
Low Ki
88.5%
Honor Invades Boston
Bryan Danielson
88.5%
Honor Invades Boston
Low Ki
88.5%
Honor Invades Boston
AJ Styles
88.5%
Unscripted
Bryan Danielson
88.5%
Unscripted
Low Ki
88.5%
Unscripted
Bryan Danielson
88.5%
Glory By Honor
Low Ki
88.5%
All Star Extravaganza
Bryan Danielson
88.5%
All Star Extravaganza
AJ Styles
88.5%
All Star Extravaganza
Low Ki
88.5%
All Star Extravaganza
CM Punk
88.5%
All Star Extravaganza
Bryan Danielson
88.5%
All Star Extravaganza
Low Ki
88.5%
Road to the Title
Jerry Lynn
84.6%
The Era of Honor Begins
Homicide
80.8%
The Round Robin Challenge
Homicide
80.8%
Crowning A Champion
Homicide
80.8%
Honor Invades Boston
Homicide
80.8%
Glory By Honor
Homicide
80.8%
Glory By Honor
Homicide
80.8%
All Star Extravaganza
Homicide
80.8%
The Era of Honor Begins
The Amazing Red
73.1%
The Era of Honor Begins
The Amazing Red
73.1%
The Round Robin Challenge
Paul London
73.1%
The Round Robin Challenge
The Amazing Red
73.1%
Night of Appreciation
Paul London
73.1%
Night of Appreciation
The Amazing Red
73.1%
Road to the Title
Paul London
73.1%
Road to the Title
The Amazing Red
73.1%
Road to the Title
The Amazing Red
73.1%
Crowning A Champion
Paul London
73.1%
Honor Invades Boston
The Amazing Red
73.1%
Honor Invades Boston
Paul London
73.1%
Unscripted
The Amazing Red
73.1%
Unscripted
Paul London
73.1%
Glory By Honor
The Amazing Red
73.1%
Glory By Honor
Paul London
73.1%
All Star Extravaganza
Paul London
73.1%
All Star Extravaganza
The Amazing Red
73.1%
The Era of Honor Begins
Eddie Guerrero
69.2%
The Round Robin Challenge
Spanky
69.2%
Night of Appreciation
Spanky
69.2%
Night of Appreciation
Eddie Guerrero
69.2%
Road to the Title
Spanky
69.2%
Road to the Title
Doug Williams
69.2%
Road to the Title
Spanky
69.2%
Road to the Title
Doug Williams
69.2%
Crowning A Champion
Spanky
69.2%
Crowning A Champion
Doug Williams
69.2%
Glory By Honor
Spanky
69.2%
Glory By Honor
Doug Williams
69.2%
All Star Extravaganza
Doug Williams
69.2%
The Era of Honor Begins
Jay Briscoe
65.4%
The Era of Honor Begins
Chris Divine
65.4%
The Era of Honor Begins
Quiet Storm
65.4%
The Round Robin Challenge
Jay Briscoe
65.4%
The Round Robin Challenge
Chris Divine
65.4%
The Round Robin Challenge
Quiet Storm
65.4%
Night of Appreciation
Jay Briscoe
65.4%
Night of Appreciation
Chris Divine
65.4%
Night of Appreciation
Quiet Storm
65.4%
Road to the Title
Jay Briscoe
65.4%
Crowning A Champion
Chris Divine
65.4%
Crowning A Champion
Quiet Storm
65.4%
Crowning A Champion
Jay Briscoe
65.4%
Event
Wrestler
% Correct
Honor Invades Boston
Quiet Storm
65.4%
Honor Invades Boston
Mark Briscoe
65.4%
Honor Invades Boston
Jay Briscoe
65.4%
Unscripted
Chris Divine
65.4%
Unscripted
Quiet Storm
65.4%
Unscripted
Jay Briscoe
65.4%
Glory By Honor
Chris Divine
65.4%
Glory By Honor
Quiet Storm
65.4%
Glory By Honor
Jay Briscoe
65.4%
All Star Extravaganza
Quiet Storm
65.4%
All Star Extravaganza
Chris Divine
65.4%
All Star Extravaganza
Jay Briscoe
65.4%
The Era of Honor Begins
Xavier
61.5%
The Era of Honor Begins
Jose Maximo
61.5%
The Era of Honor Begins
Joel Maximo
61.5%
The Round Robin Challenge
Xavier
61.5%
The Round Robin Challenge
Jose Maximo
61.5%
The Round Robin Challenge
Joel Maximo
61.5%
Night of Appreciation
Xavier
61.5%
Night of Appreciation
Jose Maximo
61.5%
Night of Appreciation
Joel Maximo
61.5%
Road to the Title
Xavier
61.5%
Crowning A Champion
Xavier
61.5%
Honor Invades Boston
Jose Maximo
61.5%
Honor Invades Boston
Joel Maximo
61.5%
Honor Invades Boston
Xavier
61.5%
Unscripted
Jose Maximo
61.5%
Unscripted
Joel Maximo
61.5%
Unscripted
Xavier
61.5%
Glory By Honor
Jose Maximo
61.5%
Glory By Honor
Joel Maximo
61.5%
Glory By Honor
Xavier
61.5%
All Star Extravaganza
Jose Maximo
61.5%
All Star Extravaganza
Joel Maximo
61.5%
All Star Extravaganza
Xavier
61.5%
Road to the Title
Jonny Storm
57.7%
Night of Appreciation
Michael Shane
53.8%
Crowning A Champion
Michael Shane
53.8%
Honor Invades Boston
Michael Shane
53.8%
Unscripted
Michael Shane
53.8%
Glory By Honor
Michael Shane
53.8%
All Star Extravaganza
Michael Shane
53.8%
The Era of Honor Begins
Mafia
50%
The Round Robin Challenge
Mafia
50%
Night of Appreciation
Mafia
50%
Night of Appreciation
Donovan Morgan
50%
Crowning A Champion
Mafia
50%
Honor Invades Boston
Donovan Morgan
50%
Honor Invades Boston
Mafia
50%
Unscripted
Donovan Morgan
50%
Unscripted
Donovan Morgan
50%
Unscripted
Donovan Morgan
50%
Glory By Honor
Steve Corino
50%
Glory By Honor
Steve Corino
50%
Glory By Honor
Mafia
50%
All Star Extravaganza
Mafia
50%
All Star Extravaganza
Steve Corino
50%
All Star Extravaganza
Donovan Morgan
50%
The Era of Honor Begins
Monsta Mack
46.2%
The Era of Honor Begins
Super Crazy
46.2%
The Round Robin Challenge
Monsta Mack
46.2%
Night of Appreciation
Monsta Mack
46.2%
Crowning A Champion
Monsta Mack
46.2%
Crowning A Champion
David Young
46.2%
Honor Invades Boston
Monsta Mack
46.2%
Glory By Honor
Alexis Laree
46.2%
Glory By Honor
Monsta Mack
46.2%
All Star Extravaganza
Monsta Mack
46.2%
All Star Extravaganza
Alexis Laree
46.2%
The Era of Honor Begins
Prince Nana
42.3%
The Round Robin Challenge
Prince Nana
42.3%
The Round Robin Challenge
CW Anderson
42.3%
Night of Appreciation
Prince Nana
42.3%
Night of Appreciation
Devito
42.3%
Road to the Title
Prince Nana
42.3%
Crowning A Champion
Prince Nana
42.3%
Crowning A Champion
Devito
42.3%
Honor Invades Boston
Devito
42.3%
Glory By Honor
Prince Nana
42.3%
Glory By Honor
Devito
42.3%
All Star Extravaganza
Devito
42.3%
Night of Appreciation
Tony Mamaluke
38.5%
Crowning A Champion
Tony Mamaluke
38.5%
Honor Invades Boston
Dixie
38.5%
Honor Invades Boston
Izzy
38.5%
Honor Invades Boston
Tony Mamaluke
38.5%
Unscripted
Tony Mamaluke
38.5%
Unscripted
Tony Mamaluke
38.5%
Glory By Honor
Izzy
38.5%
Glory By Honor
Dixie
38.5%
Glory By Honor
Tony Mamaluke
38.5%
All Star Extravaganza
Dixie
38.5%
All Star Extravaganza
Joey Matthews
38.5%
The Round Robin Challenge
James Maritato
34.6%
Night of Appreciation
James Maritato
34.6%
Night of Appreciation
Loc
34.6%
Night of Appreciation
Dunn
34.6%
Event
Wrestler
% Correct
Crowning A Champion
James Maritato
34.6%
Crowning A Champion
Loc
34.6%
Crowning A Champion
Adam Jacobs
34.6%
Crowning A Champion
Dunn
34.6%
Crowning A Champion
Dixie
34.6%
Honor Invades Boston
Dunn
34.6%
Honor Invades Boston
Loc
34.6%
Honor Invades Boston
James Maritato
34.6%
Glory By Honor
Trent Acid
34.6%
Glory By Honor
James Maritato
34.6%
Glory By Honor
Loc
34.6%
All Star Extravaganza
Loc
34.6%
All Star Extravaganza
Dunn
34.6%
The Era of Honor Begins
Scoot Andrews
30.8%
The Era of Honor Begins
Boogaloo
30.8%
The Round Robin Challenge
Joey Matthews
30.8%
The Round Robin Challenge
Boogaloo
30.8%
Night of Appreciation
Scoot Andrews
30.8%
Night of Appreciation
Marcos
30.8%
Night of Appreciation
Joey Matthews
30.8%
Road to the Title
Jody Fleisch
30.8%
Road to the Title
Scoot Andrews
30.8%
Road to the Title
Sumie Sakai
30.8%
Road to the Title
Jody Fleisch
30.8%
Crowning A Champion
Joey Matthews
30.8%
Crowning A Champion
Boogaloo
30.8%
Crowning A Champion
Marcos
30.8%
Crowning A Champion
Scoot Andrews
30.8%
Honor Invades Boston
Chris Divine
30.8%
Honor Invades Boston
Brian XL
30.8%
Honor Invades Boston
Chris Divine
30.8%
Honor Invades Boston
Marcos
30.8%
Honor Invades Boston
Scoot Andrews
30.8%
Honor Invades Boston
Scoot Andrews
30.8%
Honor Invades Boston
Boogaloo
30.8%
Unscripted
Michael Modest
30.8%
Unscripted
Dunn
30.8%
Unscripted
Michael Modest
30.8%
Glory By Honor
Joey Matthews
30.8%
All Star Extravaganza
Marcos
30.8%
Glory By Honor
Johnny Kashmere
26.9%
Glory By Honor
Allison Danger
26.9%
All Star Extravaganza
Allison Danger
26.9%
The Era of Honor Begins
Buffy
23.1%
The Era of Honor Begins
Mase
23.1%
The Era of Honor Begins
Brian XL
23.1%
The Era of Honor Begins
Eric Tuttle
23.1%
The Round Robin Challenge
Eric Tuttle
23.1%
The Round Robin Challenge
Christian York
23.1%
The Round Robin Challenge
Brian XL
23.1%
Night of Appreciation
Buffy
23.1%
Night of Appreciation
Mase
23.1%
Night of Appreciation
Christian York
23.1%
Crowning A Champion
Christian York
23.1%
Crowning A Champion
Brian XL
23.1%
Honor Invades Boston
Buffy
23.1%
Honor Invades Boston
Mase
23.1%
Glory By Honor
Buffy
23.1%
Glory By Honor
Mase
23.1%
Glory By Honor
Christian York
23.1%
Glory By Honor
Rudy Boy Gonzalez
23.1%
The Round Robin Challenge
Elax
19.2%
Road to the Title
Biohazard
19.2%
Crowning A Champion
Jeremy Lopez
19.2%
Crowning A Champion
Biohazard
19.2%
Honor Invades Boston
Biohazard
19.2%
Unscripted
James Martitato
19.2%
Unscripted
James Martitato
19.2%
Glory By Honor
Fast Eddie
19.2%
Glory By Honor
Elax
19.2%
Night of Appreciation
Simply Lucious
15.4%
Road to the Title
Simply Lucious
15.4%
Crowning A Champion
Don Juan
15.4%
Honor Invades Boston
Don Juan
15.4%
Unscripted
Sonny Siaki
15.4%
Glory By Honor
Don Juan
15.4%
All Star Extravaganza
Shinjiro Ohtani
15.4%
The Era of Honor Begins
Mike Tobin
11.5%
The Era of Honor Begins
DC Drake
11.5%
The Round Robin Challenge
Mike Tobin
11.5%
The Round Robin Challenge
DC Drake
11.5%
The Round Robin Challenge
Chris Marvel
11.5%
Night of Appreciation
John Hope
11.5%
Crowning A Champion
Mike Tobin
11.5%
Honor Invades Boston
Mike Tobin
11.5%
Honor Invades Boston
Alex Arion
11.5%
Honor Invades Boston
Maverick Wild
11.5%
Unscripted
Alex Arion
11.5%
All Star Extravaganza
Masato Tanaka
11.5%
Crowning A Champion
Black Gordman Jr
7.7%
Unscripted
Ikuto Hidaka
7.7%
Unscripted
Dick Togo
7.7%
Unscripted
Ikuto Hidaka
7.7%
Unscripted
Dick Togo
7.7%
Glory By Honor
Ikuto Hidaka
7.7%
Crowning A Champion
Jacobs Ladder
3.8%
Unscripted
Takao Omori
3.8%
Quiz Playlist
Details
Report
Send in Message
Add To Playlist
Classic:
Type in answers that appear in a list
Last Updated: Oct 3, 2017
Quiz Scoreboard
CHALLENGE
Sign Up to Join the Scoreboard
Show All
Scores
Hide
Comments
May contain spoilers
Recently Published
Popular People in 1961
by mucciniale
History
6m
1-10 Letter E Words III
by El_Dandy
Language
2m
One Thing in Common: World Cities II
by knightlancer
Geography
7m
More to Explore
Quiz From the Vault
Featured Blog Post
Where Did the Easter Bunny Come From?
hide this ad
You Might Also Like...
Tags
Show Quiz
2002
Event
honor
result
Ring
roh
stipulation
Today's Top Quizzes in Sports
Browse Sports
hide this ad
Today's Top Quizzes in Show
Browse Show
Top Contributed Quizzes in Sports
1
2022 World Cup Stars
2
Les entraîneurs de l'OM et du PSG au 21e siècle
3
FIFA Club World Cup Champions
4
Criteria MLB: Left Handed Sluggers
5
Les meilleurs buteurs des matchs entre le PSG et l’OM
6
Name the Premier League winners with different clubs
7
Players with Multiple 50 Home Run Seasons
8
MLB Players with Two .350 Batting Average Seasons
9
La finale Lions - Afrique du Sud 2021
10
MLB Hall of Famer by Rings
Explore More
Trending Topics
Crossword
NBA
Marvel
Disney
Anime
Kpop
Harry Potter
NFL
Country
Soccer
Puzzle
Song
Pokémon
The Office
WWE
hide this ad
More By:
randyorko3589
Quiz
Plays
Rating
Category
Featured
Created
PWI 500 Top 10 For Every Year
8,918
4.03
Sports
Jun 14, 2015
Wrestling Observer Award Winners Part 1
1,155
4.00
Sports
Jun 21, 2015
Highest rated match(es) for every WWE PPV
877
2.71
Sports
Jun 20, 2015
AJPW Real World Tag League Participants (1977-2010)
861
5.00
Sports
Mar 19, 2015
Wrestling Observer Award Winners & Runner Ups (2016 A)
655
4.83
Sports
Mar 7, 2017
Go to Creator's Profile
Score Distribution
Quiz Creator Spotlight
randyorko3589
Follow
Send a Message
Quizzes Created
-
Created Quiz Play Count
-
More By This Creator
Popular Quizzes Today
1
Find the US States - No Outlines Minefield
2
The Countries of the World
3
Popular People in 1961
4
Find the Countries of Europe - No Outlines Minefield
5
1-10 Letter E Words III
6
Find the US States
7
One Thing in Common: World Cities II
8
US States
More Sports Quizzes
MLB 2022 Stat Leaders (Position Players)
Quiz Lab
Trending Quizzes
Country Music Stars Doing Things
Get the Picture: Carrie or Dolly
1-10 Letter F Words
1-10 Letter G Words
Risky Map Clicking: Next State Alphabetically
Recently Updated
Leaping Animals
pecheneg
Reality TV Shows (A-Z)
bhenderson79
Rickey Henderson's Hall of Fame Teammates
pecheneg
Champions League XIs: Arsenal
pecheneg
Quick Pick: Celebrities in WWE's Hall of Fame
aduchscher
A-Z Keypad Blitz II
pecheneg
Multiple Oscar Actors
pecheneg
Mystery Phrase Blitz: Oscar 'Best Actors'
pecheneg
F. Scott Fitzgerald Novels
LTH
Pick 3 Villains
ddd62291
Trending Topics
Marvel
Crossword
Kpop
NBA
Disney
Anime
Harry Potter
Pokémon
WWE
Soccer
Puzzle
Song
NFL
The Office
Country
Your Account Isn't Verified!
In order to create a playlist on Sporcle, you need to verify the email address you used during registration. Go to your
Sporcle Settings
to finish the process.
Report this User
Report this user for behavior that violates our
Community Guidelines
.
Details:
Send Report
Go to the Sporcle.com Mobile Site →
Comments